Mediateca Expandida/ (Record no. 3419)

MARC details
000 -LEADER
campo de control de longitud fija 01698nam a22003497a 4500
003 - IDENTIFICADOR DE NÚMERO DE CONTROL
campo de control OSt
005 - FECHA Y HORA DE LA ÚLTIMA TRANSACCIÓN
campo de control 20230421102633.0
008 - DATOS DE LONGITUD FIJA--INFORMACIÓN GENERAL
campo de control de longitud fija 221006b |||||||| |||| 00| 0 eng d
040 ## - FUENTE DE CATALOGACIÓN
Centro/agencia transcriptor Biblioteca Lado V
082 ## - NÚMERO DE LA CLASIFICACIÓN DECIMAL DEWEY
Número de clasificación 794.816.6
Número de ítem V632a
100 ## - ENTRADA PRINCIPAL--NOMBRE DE PERSONA
9 (RLIN) 804
Nombre de persona Vicente, Jose Luis de
Término indicativo de función/relación editor
245 ## - MENCIÓN DEL TÍTULO
Título Mediateca Expandida/
Resto del título Play-list/
260 ## - PUBLICACIÓN, DISTRIBUCIÓN, ETC.
Nombre del editor, distribuidor, etc. Centro de Arte y Creación Industrial
-- cajAstur
-- Ministerio de Industria, Turismo y Comercio
Fecha de publicación, distribución, etc. 2010
Lugar de publicación, distribución, etc. España
300 ## - DESCRIPCIÓN FÍSICA
Dimensiones 17x23cm
Extensión 153p.
490 ## - MENCIÓN DE SERIE
Mención de serie 02
Designación de volumen o secuencia 2010
Número Internacional Normalizado para Publicaciones Seriadas 1889-965X
505 ## - NOTA DE CONTENIDO CON FORMATO
Nota de contenido con formato La cultura y el arte como motores
505 ## - NOTA DE CONTENIDO CON FORMATO
Nota de contenido con formato Explorar para entender
505 ## - NOTA DE CONTENIDO CON FORMATO
Nota de contenido con formato Nuevos Motores para el arte y la cultura popular
505 ## - NOTA DE CONTENIDO CON FORMATO
Nota de contenido con formato La reinvencion de la tecnología: un acto de resistencia creativa
505 ## - NOTA DE CONTENIDO CON FORMATO
Nota de contenido con formato Ensayos
Información miscelánea Playlist<br/><br/>Entonces. En que momento la obsolescencia se convirtio en practica artistica?<br/><br/>El bucle interminable<br/><br/>La cuestion de la electronica
505 ## - NOTA DE CONTENIDO CON FORMATO
Nota de contenido con formato Proyectos
Información miscelánea Paul B. Davis<br/><br/>Jeff Donaldson<br/><br/>Dragan Espenschied<br/><br/>Gino Esposto<br/><br/>Gijs Gieskes<br/><br/>Andre Goncalves<br/><br/>Mike in Mono<br/><br/>Animal Style<br/><br/>Raquel Meyers<br/><br/>Mikro Orchestra<br/><br/>No Carrier<br/><br/>Nullsleep<br/><br/>Tristan Perich<br/><br/>Rabato<br/><br/>Gebhard Sengmuller<br/><br/>Alexei Shulgin<br/><br/>Tonylight<br/><br/>VjVISUALOOP
505 ## - NOTA DE CONTENIDO CON FORMATO
Nota de contenido con formato Biografias
505 ## - NOTA DE CONTENIDO CON FORMATO
Nota de contenido con formato Archivo 8-Bit
505 ## - NOTA DE CONTENIDO CON FORMATO
Nota de contenido con formato Conciertos
505 ## - NOTA DE CONTENIDO CON FORMATO
Nota de contenido con formato Creditos
505 ## - NOTA DE CONTENIDO CON FORMATO
Nota de contenido con formato Playlist. La antologia
650 ## - PUNTO DE ACCESO ADICIONAL DE MATERIA--TÉRMINO DE MATERIA
Fuente del encabezamiento o término Tesauro de Arte & Arquitectura
Término de materia o nombre geográfico como elemento de entrada ARTE
9 (RLIN) 703
650 ## - PUNTO DE ACCESO ADICIONAL DE MATERIA--TÉRMINO DE MATERIA
Fuente del encabezamiento o término Tesauro de Arte & Arquitectura
Término de materia o nombre geográfico como elemento de entrada VIDEO JUEGOS
650 ## - PUNTO DE ACCESO ADICIONAL DE MATERIA--TÉRMINO DE MATERIA
Fuente del encabezamiento o término Tesauro de Arte & Arquitectura
Término de materia o nombre geográfico como elemento de entrada MUSICA
650 ## - PUNTO DE ACCESO ADICIONAL DE MATERIA--TÉRMINO DE MATERIA
Fuente del encabezamiento o término Tesauro de Arte & Arquitectura
Término de materia o nombre geográfico como elemento de entrada ARTE DIGITAL
942 ## - ELEMENTOS DE ENTRADA SECUNDARIOS (KOHA)
Fuente del sistema de clasificación o colocación Clasificación Decimal Dewey
Tipo de ítem Koha Libros
Parte de la signatura que corresponde a la clasificación (Parte de la clasificación) 794.816.6
Parte de la signatura que identifica el ejemplar (Parte del ítem) V632a
Suprimir en OPAC No
Holdings
Estatus retirado Estado de pérdida Fuente del sistema de clasificación o colocación Especificación de materiales (volumen encuadernado u otra parte) Estado de daño No para préstamo Colección Biblioteca de origen Biblioteca actual Fecha de adquisición Enumeración/cronología de publicación seriada Número de inventario Total de préstamos Signatura topográfica completa Código de barras Visto por última vez Precio de reemplazo Tipo de ítem Koha
    Clasificación Decimal Dewey 2010     Revistas Biblioteca LadoV Biblioteca LadoV 21/04/2023 02 003465   794.816.6 V632a 003465 21/04/2023 21/04/2023 Libros